Mario Kart Super Circuit Characters - Statistics

General Stats
  • This quiz has been taken 53 times
  • The average score is 8 of 8
Answer Stats
Weight Class Answer % Correct
Medium Luigi
100%
Medium Mario
100%
Light Peach
100%
Heavy Bowser
95%
Light Toad
95%
Heavy Wario
95%
Heavy Donkey Kong
92%
Light Yoshi
92%
No matching quizzes found
Score Distribution
Percent of People with Each Score
Percentile by Number Answered
Your Score History
You have not taken this quiz